| 000 | 00502cam a22001457a 4500 | ||
|---|---|---|---|
| 008 | 180718b1956 xxu||||| |||| 00| 0 eng d | ||
| 082 | _aDx73 R278 | ||
| 100 | _aReitzel, William | ||
| 245 |
_aUnited states foreign policy, 1945-1955 _cby William Reitzel, Morton A. Kaplan and Constance G. Coblenz |
||
| 260 |
_aWashington _bBrookings Institution _c1956 |
||
| 300 | _axi, 535p | ||
| 650 | _aUnited States --Foreign relations --1945-1953 | ||
| 700 | _aCoblenz, Constance G. | ||
| 700 | _aKaplan, Morton A. | ||
| 999 |
_c424452 _d424452 |
||